000 02357nkm0a2200385 4500
001 RU\NLR\bibl\2084913
005 20250806203906.0
020 _aRU
_b467
_9ЛЕНИНГРАД В ВЕЛИКОЙ ОТЕЧЕСТВЕННОЙ ВОЙНЕ: Печать Ленинграда, 1941 - 1945: каталог изданий, хранящихся в фондах Государственной Публичной библиотеки, вып.2. Листовки,плакаты,открытки,альбомы/Гос.публ.б-ка им.М.Е.Салтыкова-Щедрина. - Ленинград,1972
035 _a(NLR Aleph) 010196586
090 _a74358
_c74358
100 _a20250806 rusy50
101 0 _arus
102 _aRU
105 _aa z |||||
200 1 _aПодготовка водопровода и канализации к зиме
_fинж. М.М. Сапожников
_gНауч.-исслед. ин-т коммун. хоз-ва Ленгорисполкома
210 _aЛенинград
_cЛениздат
_d1944, ноябрь, 2
215 _a1 с.
_cчерт.
_d46x68
325 _aКопия доступна в Электрон. б-ке РНБ http://vivaldi.nlr.ru/ll000075089/view
337 _aЭлектронная копия доступна в Электронной библиотеке РНБ
606 1 _aБлокада Ленинграда
_z1941 - 1944
_jЛистовки
_2nlr_sh1
_2nlr_sh2
_3RU\NLR\AUTH\661253360
686 _aТ3(2)722.721,011
700 1 _aСапожников
_bМ. М.
_cканд. техн. наук
_f1912-
_gМихаил Михайлович
_4070
712 0 2 _aЛенинградский НИИ коммунального хозяйства
_4570
801 0 _aRU
_bNLR
_c19720101
_gPSBO
801 1 _aRU
_bNLR
_c20131101
_gRCR
852 _aNLR
_bЛ3-330л
_j21/4-14
856 0 _uhttp://vivaldi.nlr.ru/ll000075089/view
856 1 _uhttp://vivaldi.nlr.ru/ll000075089/cover
856 2 _uhttp://vivaldi.nlr.ru/ll000075089/text
942 _cBOOK
945 _aРоссийская национальная библиотека
980 _aBV
981 3 7 _a(37) Ленинград в Великой Отечественной войне
_b(37) Инструкции, правила, памятки